Podział administracyjny Rosji - nagła śmierć - Statystyki

Ogólne statystyki
  • Ten quiz został rozwiązany 68 razy
  • Średni wynik to 12 z 50
Answers on the Grid
Answers color-coded by a green-red scale on the quiz's grid according to % correct below.
Moskwa
Czeczenia
Baszkortostan
Osetia Północna
Mari El
Tatarstan
Dagestan
Kałmucja
Jakucja
Udmurcja
Ałtaj
Kamczatka
Perm
Kr. Nadmorski
Kr. Zabajkalski
Ob. archangielski
Ob. biełgorodzki
Ob. briański
Ob. czelabiński
Ob. iwanowski
Ob. królewiecki
Ob. kirowski
Ob. kurgański
Ob. kostromski
Ob. kurski
Ob. leningradzki
Ob. lipiecki
Ob. magadański
Ob. moskiewski
Ob. murmański
Ob. nowosybirski
Ob. omski
Ob. orłowski
Ob. penzeński
Ob. jarosławski
Ob. pskowski
Ob. riazański
Ob. samarski
Ob. sachaliński
Ob. smoleński
Ob. tiumeński
Ob. tomski
Ob. tulski
Ob. włodzimierski
Ob. wołgogradzki
Ob. woroneski
Żydowski Obwód Aut.
Sankt Petersburg
Nieniecki Okręg Aut.
Czukocki Okręg Aut.
Ob. witebski
Ob. homelski
Osetia Południowa
Abchazja
Ob. pawłodarski
Ob. mandżurski
Ob. kazański
Ob. norylski
Zauralski Okręg Aut.
Ob. przedbajkalski
Ob. rżewski
Ob. jekaterynburski
Ob. ufski
Ob. atyrauski
Kr. kaspijski
Ob. miński
Karelia Północna
Karelia Południowa
Syberia
Nowa Ziemia
Ob. czycki
Ob. sowieckogawański
Ob. kurylski
Ob. bracki
Ob. kolski
Ob. pietropawłowski
 
Statystyki odpowiedzi
Odpowiedź % Poprawnych
Moskwa
41%
Dagestan
36%
Ob. leningradzki
36%
Ob. smoleński
36%
Czeczenia
32%
Ob. archangielski
32%
Ob. królewiecki
32%
Ob. kurski
32%
Ob. moskiewski
32%
Baszkortostan
27%
Mari El
27%
Ob. lipiecki
27%
Ob. murmański
27%
Ob. nowosybirski
27%
Ob. orłowski
27%
Ob. samarski
27%
Ob. tiumeński
27%
Ob. wołgogradzki
27%
Ob. woroneski
27%
Perm
27%
Sankt Petersburg
27%
Tatarstan
27%
Żydowski Obwód Aut.
27%
Ałtaj
23%
Kałmucja
23%
Ob. czelabiński
23%
Ob. jarosławski
23%
Ob. kirowski
23%
Ob. kostromski
23%
Ob. tulski
23%
Ob. włodzimierski
23%
Osetia Północna
23%
Jakucja
18%
Kr. Zabajkalski
18%
Nieniecki Okręg Aut.
18%
Ob. briański
18%
Ob. iwanowski
18%
Ob. magadański
18%
Ob. omski
18%
Ob. pskowski
18%
Ob. riazański
18%
Ob. sachaliński
18%
Czukocki Okręg Aut.
14%
Kamczatka
14%
Kr. Nadmorski
14%
Ob. biełgorodzki
14%
Ob. penzeński
14%
Ob. tomski
14%
Udmurcja
14%
Ob. kurgański
9%
Nie znaleziono quizów pasujących do podanych kryteriów
Rozkład punktacji
Procent ludzi z każdym wynikiem
Percentyl według liczby udzielonych odpowiedzi
Twoja historia wyników
Nie rozwiązałeś tego quizu